000
00307nam a22001337a 4500
008
170911b xxu||||| |||| 00| 0 eng d
020
_a
9780805395938
041
_a
eng
080
_2
5 ED
_a
52
100
_a
42
101
_a
AST
245
_a
ASTRONOMY MEDIA WORKBOOK
_c
LOPRESTO.M.C
942
_2
udc
_c
BK
999
_c
27048
_d
27048